000 00516nam a2200181Ia 4500
008 100920s9999 xx 000 0 und d
082 _b90689
_a24 न 05
100 _aसंक : पाटिल विनायक.
245 _aयशोधन.
260 _bराजहंस प्रकाशन,पुणे.
_c2005
300 _a85
_bसाधी
365 _b60
520 _aसायो.
630 _aयशोधन.
650 _aसायो.
730 _aयशोधन.
942 _cBOOK
999 _c731173
_d731170